Sanitation roadmap for clean India (Record no. 506803)

000 -LEADER
fixed length control field 00339nam a2200145Ia 4500
008 - FIXED-LENGTH DATA ELEMENTS--GENERAL INFORMATION
fixed length control field 181130s2018 xx 000 0 und d
100 ## - MAIN ENTRY--PERSONAL NAME
Personal name Kumar, Ankush
245 ## - TITLE STATEMENT
Title Sanitation roadmap for clean India
260 ## - PUBLICATION, DISTRIBUTION, ETC.
Date of publication, distribution, etc. 2018
300 ## - PHYSICAL DESCRIPTION
Extent p.48-50.
504 ## - BIBLIOGRAPHY, ETC. NOTE
-- Jun
650 ## - SUBJECT ADDED ENTRY--TOPICAL TERM
Topical term or geographic name entry element Sanitation
773 ## - HOST ITEM ENTRY
Main entry heading Kurukshetra
906 ## - LOCAL DATA ELEMENT F, LDF (RLIN)
a Sanitation
Holdings
Withdrawn status Lost status Damaged status Not for loan Permanent Location Current Location Date acquired Serial Enumeration / chronology Barcode Date last seen Price effective from Koha item type
        Indian Institute of Public Administration Indian Institute of Public Administration 2018-12-07 66(8), Jun, 2018: p.48-50. AR118598 2018-12-07 2018-12-07 Articles

Powered by Koha